<?xml version="1.0" encoding="UTF-8"?>
<record
    xmlns:xsi="http://www.w3.org/2001/XMLSchema-instance"
    xsi:schemaLocation="http://www.loc.gov/MARC21/slim http://www.loc.gov/standards/marcxml/schema/MARC21slim.xsd"
    xmlns="http://www.loc.gov/MARC21/slim">

  <leader>01813    a2200205   4500</leader>
  <controlfield tag="001">22294</controlfield>
  <controlfield tag="005">20260407155512.0</controlfield>
  <controlfield tag="008">260407a1970    arg                 spa d</controlfield>
  <controlfield tag="003">AR-UNSa-BCEJYS</controlfield>
  <datafield tag="040" ind1=" " ind2=" ">
    <subfield code="a">AR-UNSa-BCEJYS</subfield>
    <subfield code="b">spa</subfield>
    <subfield code="c">AR-UNSa-BCEJYS</subfield>
  </datafield>
  <datafield tag="080" ind1=" " ind2=" ">
    <subfield code="a">342.9</subfield>
    <subfield code="x">Derecho Administrativo</subfield>
  </datafield>
  <datafield tag="245" ind1="1" ind2="0">
    <subfield code="a">Tratado de derecho administrativo</subfield>
  </datafield>
  <datafield tag="264" ind1=" " ind2="1">
    <subfield code="a">Buenos Aires :</subfield>
    <subfield code="b">Abeledo Perrot</subfield>
    <subfield code="c">1970</subfield>
  </datafield>
  <datafield tag="300" ind1=" " ind2=" ">
    <subfield code="a">2v. (813, 725)</subfield>
    <subfield code="c">23 cm.</subfield>
  </datafield>
  <datafield tag="505" ind1=" " ind2=" ">
    <subfield code="a">Contratos de la Administraci&#xF3;n p&#xFA;blica: 1. Principios generales - 2. Contratos administrativos y contrato de derecho com&#xFA;n de la administraci&#xF3;n p&#xFA;blica - 3. Formaci&#xF3;n y prueba del contrato administrativo - 4. Elecci&#xF3;n del concontratante de la administraci&#xF3;n - 5. Caracteres del contrato administrativo - 6. Elementos del contrato administrativo - 7. Efectos del contrato administrativo - 8. Ejecuci&#xF3;n de los contratos administrativos - 8. Ejecuci&#xF3;n de los contratos administrativos - 9. Vicios o defectos de los contratos administrativos - 10. Terminaci&#xF3;n o finalizaci&#xF3;n delos contratos administrativos - Parte II: 1. De la funci&#xF3;n o empleo p&#xFA;blico - 2. El personal de la administraci&#xF3;n p&#xFA;blica - 3. Estructura de la relaci&#xF3;n de funci&#xF3;n o empleo p&#xFA;blico - 4. El ingreso a la funci&#xF3;n o empleo p&#xFA;blico - 5. Naturaleza jur&#xED;dica de la relaci&#xF3;n de funci&#xF3;n o empleo p&#xFA;blicos -  6. Formaci&#xF3;n de la relaci&#xF3;n de funci&#xF3;n o de empleo p&#xFA;blicos - 7. Deberes de los funcionarios y empleados p&#xFA;blicos - 8. Derechos de los funcionarios y empleados p&#xFA;blicos - 9. Responsabilidad de los funcionarios p&#xFA;blicos - 10. Extinci&#xF3;n de la relaci&#xF3;n de funci&#xF3;n o empleo p&#xFA;blico - 11. De las contiendas en materia de relaci&#xF3;n de empleo p&#xFA;blico.</subfield>
  </datafield>
  <datafield tag="041" ind1=" " ind2=" ">
    <subfield code="a">spa</subfield>
  </datafield>
  <datafield tag="942" ind1=" " ind2=" ">
    <subfield code="c">BK</subfield>
  </datafield>
  <datafield tag="590" ind1=" " ind2=" ">
    <subfield code="a">niveau_biblio:m niveau_hierar:0</subfield>
  </datafield>
  <datafield tag="100" ind1="1" ind2=" ">
    <subfield code="a">Marienhoff, Miguel S.</subfield>
  </datafield>
  <datafield tag="999" ind1=" " ind2=" ">
    <subfield code="c">952</subfield>
    <subfield code="d">952</subfield>
  </datafield>
  <datafield tag="952" ind1=" " ind2=" ">
    <subfield code="0">0</subfield>
    <subfield code="1">0</subfield>
    <subfield code="4">0</subfield>
    <subfield code="7">0</subfield>
    <subfield code="a">BCEJYS</subfield>
    <subfield code="b">BCEJYS</subfield>
    <subfield code="c">16</subfield>
    <subfield code="d">2026-04-07</subfield>
    <subfield code="l">0</subfield>
    <subfield code="o">342.9 M334 v.3/A/B</subfield>
    <subfield code="p">L24190</subfield>
    <subfield code="r">2026-04-07 15:55:12</subfield>
    <subfield code="w">2026-04-07</subfield>
    <subfield code="y">L</subfield>
  </datafield>
  <datafield tag="952" ind1=" " ind2=" ">
    <subfield code="0">0</subfield>
    <subfield code="1">0</subfield>
    <subfield code="4">0</subfield>
    <subfield code="7">0</subfield>
    <subfield code="a">BCEJYS</subfield>
    <subfield code="b">BCEJYS</subfield>
    <subfield code="c">16</subfield>
    <subfield code="d">2026-04-07</subfield>
    <subfield code="l">0</subfield>
    <subfield code="o">342.9 M334 v.3/A/B</subfield>
    <subfield code="p">L24189</subfield>
    <subfield code="r">2026-04-07 15:55:12</subfield>
    <subfield code="w">2026-04-07</subfield>
    <subfield code="y">L</subfield>
  </datafield>
</record>
